000 01283cam a2200241 4500
001 J125519
008 111205n2003 000 0 eng u
035 _a(Sirsi) u125519
041 _aeng
050 _a333.790941
_c21
110 _aUnited Kingdom
_bDepartment of Trade and Industry
245 _aOur energy future
_bcreating a low carbon economy
260 _aLondon
_bDTI
_c2003
520 _aOur energy future: creating a low carbon economy defines a long-term strategic vision for energy policy combining our environmental, security of supply, competitiveness and social goals. It builds on the Performance and Innovation Unit's "Energy review", published in February 2002, and on other reports which have looked at major areas of energy policy. The implementation of the White Paper is being taken forward via the Sustainable Energy Policy Network (SEPN). View the White Paper at www.dti.gov.uk.
650 _aLOW-CARBON ECONOMY
650 _aSustainability
_96271
650 _aRENEWABLE ENERGY
650 _aGREENHOUSE GASES
650 _aENERGY POLICY
690 _aENVIRONMENTAL AND LAND CONSULTANCY-ENERGY
856 _uhttps://www.dti.gov.uk/energy/policy-strategy/energy-white-paper/page21223.html
_zView the White Paper at the DTI website...
942 _n0
999 _c103426
_d103426